000 00546nam a2200169Ia 4500
003 GCL
008 140319s9999 xx 000 0 ara d
040 _aGCL /
_cGCL
082 0 4 _aق
_b953.084
_bص ر
100 1 _aصلاح عيسى
245 1 0 _aرجال مرج دابق :قصة الفتاح العثمانى لمصر والشام /
_cصلاح عيسى
300 _a135
490 _aالهيئة العامة للاستعلامات
_v0
650 0 4 _aخايربك المملوكى
650 0 4 _aالسلطان الغورى
942 _2ddc
_cBK
999 _c47661
_d47661